01677nam a2200217 a 4500008004100000020001400041041000800055092001900063100002900082245004200111250004000153260004700193300001100240500009300251505080400344590006101148655002101209942001301230999001501243952020101258190531s1982 es ||||gr|||| 001 0 spa d a847577007 aspa c215.2l11sCHA1 aChatelain, Maurice940423 aEl fin del mundo /bMaurice Chatelain a1a ed.bTraducción Nuber Suñer. aBarcelona:bEdiciones Juan Garnica;c1982. a205 p. aChatelain, M. (1984). El fin del mundo. (1a ed.). Buenos Aires : Ediciones Juan Garnica. aMaurice Chatelain, ex científico de la NASA que participó en el programa de exploración lunar Apolo, ha utilizado la informática para hacer astrología científica y prever las catástrofes que nos amenazan en un futuro cercano, ya que hoy está comprobado que los cataclismos coinciden con las conjunciones planetarias. El Cosmos tras la gran conjunción del 26 de diciembre de 1982 de la que pueden esperarse terremotos, maremotos, erupciones volcánicas...nos prepara otra para el 10 de mayo del 2000, donde, en la fecha anunciada por Nostradamus, podría producirse un diluvio universal causado por la inversión de los polos. Existe una real relación entre los fenómenos astronómicos que se producen en el cielo y los acontecimientos humanos que sobrevienen en la Tierra.  aProyecto 4to libro. Donación Julia Cabanne, mayo 2019. aLiteratura92917 2ddccLIT c2999d2999 00102ddc4070aBFMbBFMcCRd2019-05-31eDonación Cabanne, Julia. Mayo 2019l0o215.2 11 CHAp4431r2019-05-31tEj. 1w2019-05-31yLITzProyecto 4to libro. Donación Cabanne, Julia. Mayo 2019